Lithuanian Regions - Statistics

General Stats
  • This quiz has been taken 91 times
  • The average score is 4 of 10
Answer Stats
Answer % Correct
Šiauliai
52%
Kauno
48%
Vilniaus
42%
Alytaus
39%
Klaipedos
39%
Telšiai
39%
Marijampoles
32%
Panevezio
26%
Taurages
26%
Utenos
26%
No matching quizzes found
Score Distribution
Percent of People with Each Score
Percentile by Number Answered
Your Score History
You have not taken this quiz